| 000 | 00862cab a2200229 4500 | ||
|---|---|---|---|
| 001 | ABS67539 | ||
| 008 | 040218n2004 000 0 eng u | ||
| 035 | _a(Sirsi) u125193 | ||
| 100 | _aGallimore, M. | ||
| 245 | _aChoose your options carefully | ||
| 260 | _c2004 | ||
| 490 |
_aEstates Gazette _v(0405) 31 January 2004, 138-140(3) |
||
| 520 | _aOutlines proposals introducted as amendments to the Planning and Compulsory Purchase Bill J125109 on 2 December 2003 to replace section 106 planning obligations with optional planning charges. Compares the pros and cons of each system. | ||
| 590 | _aABS | ||
| 650 | _aPLANNING AND COMPULSORY PURCHASE ACT 2004 | ||
| 650 | _aTOWN AND COUNTRY PLANNING ACT 1990 S106 | ||
| 650 | _aPLANNING OBLIGATIONS | ||
| 650 | _aOPTIONAL PLANNING CHARGES | ||
| 650 | _aDEVELOPMENT | ||
| 690 | _aPLANNING | ||
| 942 | _n0 | ||
| 999 |
_c74158 _d74158 |
||